| 000 | 00811nam a2200181Ia 4500 | ||
|---|---|---|---|
| 008 | 100921s9999 xx 000 0 und d | ||
| 082 |
_b14231 _a294.592 ढ 22 |
||
| 100 | _aव्यास,लेले काशिनाथ वामन. | ||
| 245 | _aमहाभारत मराठी भाषांतर-विराट पर्व. | ||
| 260 |
_b--- _c1822 |
||
| 300 |
_a268 _b--- |
||
| 365 | _b0 | ||
| 520 | _aधर्म-पवित्र ग्रंथ-व्यिक्त. | ||
| 630 | _aमहाभारत मराठी भाषांतर-विराट पर्व. | ||
| 650 | _aधर्म-पवित्र ग्रंथ-व्यिक्त. | ||
| 730 | _aमहाभारत मराठी भाषांतर-विराट पर्व. | ||
| 942 | _cBOOK | ||
| 999 |
_c763344 _d763341 |
||